| 000 | 00611nam a22002177a 4500 | ||
|---|---|---|---|
| 999 |
_c7466 _d7466 |
||
| 003 | OSt | ||
| 005 | 20211112154637.0 | ||
| 008 | 211112b ||||| |||| 00| 0 eng d | ||
| 020 | _a0415418321 | ||
| 040 | _cDDC | ||
| 082 | _a307.76 KRA 2007 | ||
| 100 |
_aKrampen, M _915292 |
||
| 245 | _aMeaning in the urban environment | ||
| 260 |
_aLondon : _bRoutledge; _c2007. |
||
| 300 |
_a365 p. : _b ill. ; _c24 cm |
||
| 504 | _a Includes index | ||
| 650 |
_aCities and towns -- Psychological aspects _915293 |
||
| 650 |
_aSemiotics _915294 |
||
| 650 |
_aSymbolism in architecture. _915295 |
||
| 942 |
_2ddc _cBOOK |
||